000 01630cas a2200385 i 4500
001 18024919
003 ARRUPE
005 20221108161326.0
008 140130c20149999nyuuu 0 a0eng
010 _a 2015219026
_z 2014932104
022 0 _a2381-7623
_21
035 _a(OCoLC)ocn927151644
037 _bMcGraw Hill Education, 303 E. Wacker Dr., Ste. 2000, Chicago IL 60601
040 _aDLC
_beng
_cDLC
_dDLC
_dOCLCO
_dDLC
_dOCLCQ
_dIUL
_dZQP
_dOCLCO
_dIGA
_dGUA
_dOCLCF
_dNJT
_dOCLCO
042 _apcc
_ansdp
050 0 0 _aQA43
_b.O293
082 1 0 _a378
_214
222 0 _aOfficial GRE quantitative reasoning practice questions
245 0 0 _aOfficial GRE quantitative reasoning practice questions /
_cETS.
246 1 _aOfficial Graduate Record Examination quantitative reasoning practice questions
300 _avolumes :
_billustrations ;
_c28 cm
650 0 _aMathematics
_xExaminations
_vStudy guides.
_951835
650 0 _aQuantitative research
_xExaminations
_vStudy guides.
_951836
650 0 _aGraduate Record Examination
_vStudy guides.
_951825
650 7 _aSTUDY AIDS.
_2bisacsh
_951837
650 7 _aGraduate Record Examination.
_2fast
_951829
650 7 _aMathematics
_xExaminations.
_2fast
_951838
655 7 _aStudy guides.
_2fast
_950165
655 7 _aStudy guides.
_2lcgft
_950165
710 2 _aEducational Testing Service.
_951832
906 _a7
_bcbc
_cserorig
_d2
_encip
_f20
_gn-oclcserc
942 _2lcc
_cMONOGRAPH
999 _c131516
_d131516